MARC

Tag First Indicator Second Indicator Subfields
LEADER 00000cam a2200000Ii 4500
001 in00004013433
005 20180828090636.0
008 170610s2018 nyu 000 j eng d
035 |a (OCoLC)ocn989963912 
040 |a BTCTA  |b eng  |e rda  |c BTCTA  |d BDX  |d YDX  |d OQX  |d BKL  |d KL8  |d OCLCO  |d OCLCF  |d TXA 
019 |a 989992370 
020 |a 9781481483001  |q (paperback) 
020 |a 1481483005  |q (paperback) 
035 |a (OCoLC)989963912  |z (OCoLC)989992370 
092 |a F CACK 
090 |a PN6071.S33  |b C32 2018 
049 |a TXAM 
245 0 4 |a The cackle of Cthulhu /  |c edited by Alex Shvartsman. 
264 1 |a Riverdale, NY :  |b Baen Books,  |c 2018. 
300 |a 265 pages ;  |c 24 cm 
336 |a text  |b txt  |2 rdacontent 
337 |a unmediated  |b n  |2 rdamedia 
338 |a volume  |b nc  |2 rdacarrier 
520 |a "Top authors poke fun and pay tribute to H. P. Lovecraft's Cthulhu mythos"--Amazon.com 
505 0 0 |t Foreword /  |r by Alex Schvartsman --  |t The shunned trailer /  |r by Esther Friesner --  |t The captain in yellow /  |r by David Vaughan --  |t My little old one /  |r Jody Lynn Nye --  |t Tales of a fourth grade shoggoth /  |r by Kevin Wetmore --  |t Friday night at Brazee's /  |r by Mike Resnick --  |t To whatever /  |r by Shaenon K. Garrity --  |t The doom that came to Providence /  |r by Brian Trent --  |t Explaining Cthulhu to grandma /  |r by Alex Shvartsman --  |t The call of the pancake factory /  |r by Ken Liu --  |t The Innsmouth of the south /  |r Rachael K. Jones --  |t WWRD /  |r by Yvonne Navarro --  |t In the employee manual of madness /  |r by G. Scott Huggins --  |t Shoggoth's old peculiar /  |r by Neil Gaiman --  |t H.P. and me /  |r by Gini Koch --  |t The greatest leader /  |r by Aidan Doyle --  |t But someone's got to do it /  |r by Konstantine Paradias --  |t The call of uncopyrighted intellectual property /  |r by Amanda Helms --  |t Cthulhu, P.I. /  |r by Laura Resnick --  |t A stiff bargain /  |r by Matt Mikalatos --  |t The shadow over my dorm room /  |r by Laura Pearlman --  |t The tingling madness /  |r by Lucy A. Snyder --  |t The girl who loved Cthulhu /  |r by Nick Mamatas --  |t About the authors. 
541 0 |a Donated by Hal Hall  |d 20180812 
600 0 0 |a Cthulhu  |c (Fictitious character)  |v Fiction. 
600 0 7 |a Cthulhu  |c (Fictitious character)  |2 fast  |0 (OCoLC)fst01736829 
655 7 |a Short stories.  |2 lcgft 
655 7 |a Science fiction.  |2 lcgft 
655 7 |a Science fiction.  |2 gsafd 
655 7 |a Horror fiction.  |2 gsafd 
655 7 |a Fiction.  |2 fast  |0 (OCoLC)fst01423787 
655 7 |a Science fiction.  |2 fast  |0 (OCoLC)fst01726489 
655 7 |a Short stories.  |2 fast  |0 (OCoLC)fst01726740 
700 1 |a Lovecraft, H. P.  |q (Howard Phillips),  |d 1890-1937. 
700 1 2 |a Friesner, Esther M.  |t Shunned trailer. 
700 1 2 |a Vaughan, David.  |t Captain in yellow. 
700 1 2 |a Nye, Jody Lynn,  |d 1957-  |t My little old one. 
700 1 2 |a Wetmore, Kevin J.,  |c Jr.,  |d 1969-  |t Tales of a fourth grade shoggoth. 
700 1 2 |a Resnick, Michael D.  |t Friday night at Brazee's. 
700 1 2 |a Garrity, Shaenon,  |d 1978-  |t To whatever. 
700 1 2 |a Trent, Brian.  |t Doom that came to Providence. 
700 1 2 |a Liu, Ken,  |d 1976-  |t Call of the pancake factory. 
700 1 2 |a Jones, Rachael K.  |t Innsmouth of the south. 
700 1 2 |a Navarro, Yvonne,  |d 1957-  |t WWRD. 
700 1 2 |a Huggins, Scott G.  |t In the employee manual of madness. 
700 1 2 |a Gaiman, Neil.  |t Shoggoth's old peculiar. 
700 1 2 |a Koch, Gini.  |t H.P. and me. 
700 1 2 |a Doyle, Aidan.  |t Greatest leader. 
700 1 2 |a Paradias, Konstantine,  |d 1985-  |t But someone's got to do it. 
700 1 2 |a Helms, Amanda.  |t Call of uncopyrighted intellectual property. 
700 1 2 |a Resnick, Laura,  |d 1962-  |t Cthulhu, P.I. 
700 1 2 |a Mikalatos, Matt.  |t Stiff bargain. 
700 1 2 |a Pearlman, Laura.  |t Shadow over my dorm room. 
700 1 2 |a Snyder, Lucy A.,  |d 1971-  |t Tingling madness. 
700 1 2 |a Mamatas, Nick.  |t Girl who loved Cthulhu. 
938 |a Brodart  |b BROD  |n 120261820 
938 |a Baker and Taylor  |b BTCP  |n BK0020910990 
938 |a YBP Library Services  |b YANK  |n 14553201 
948 |a cataloged  |b h  |c 2018/8/27  |d c  |e ljohnson  |f 3:17:02 pm 
994 |a C0  |b TXA 
999 f f |s 16a6a565-f68a-321e-9c0d-1358d9a1d4eb  |i 0c193c01-5f11-38e6-839f-73ace9d5e5c1  |t 0 
952 f f |p noncirc  |a Texas A&M University  |b College Station  |c Cushing Memorial Library & Archives  |d Cushing: Science Fiction (Does not check out)  |t 0  |e PN6071.S33 C32 2018  |h Library of Congress classification  |i unmediated -- volume 
998 f f |a PN6071.S33 C32 2018  |t 0  |l Cushing: Science Fiction (Does not check out)